000 00764nam a22002297a 4500
999 _c64289
_d64289
005 20240530110724.0
008 180410s2017 ua g 000 f ara d
017 _a2017/1836
_bمصر. دار الكتب
020 _a9789779111117
040 _aEG-CaGPL
_cEG-CaGPL
082 0 4 _221
_a813.03 /
_bم ج
100 0 _aمحيى اسماعيل
245 1 0 _aجراح النفوس :
_bرواية /
_cمحيى اسماعيل
250 _aط.1
260 _aالقاهرة :
_bالهيئة المصرية العامة للكتاب ،
_c2017.
300 _a231 ص. ؛
_c19 سم.
650 0 7 _2qrmak
_aالادب العربى
650 0 7 _2qrmak
_aالقصص العربية
651 _2qrmak
942 _2ddc
_cBK